<?xml version="1.0" encoding="UTF-8"?>
<collection xmlns:xsi="http://www.w3.org/2001/XMLSchema-instance" xsi:schemaLocation="http://www.loc.gov/MARC21/slim http://www.loc.gov/standards/marcxml/schema/MARC21slim.xsd" xmlns="http://www.loc.gov/MARC21/slim">
 <record>
  <leader>00000nam a22000004a 4500</leader>
  <controlfield tag="001">UP-1685954869149822276</controlfield>
  <controlfield tag="003">Buklod</controlfield>
  <controlfield tag="005">20240523135624.0</controlfield>
  <controlfield tag="006">m    |o  d |      </controlfield>
  <controlfield tag="007">cr |||||||||||</controlfield>
  <controlfield tag="008">240523s2023    xxu     r    |||| u|eng d</controlfield>
  <datafield tag="040" ind1="0" ind2=" ">
   <subfield code="a">UPDent</subfield>
   <subfield code="e">rda</subfield>
  </datafield>
  <datafield tag="041" ind1="0" ind2=" ">
   <subfield code="a">eng</subfield>
  </datafield>
  <datafield tag="090" ind1="0" ind2="0">
   <subfield code="a">LG993.5 2023</subfield>
   <subfield code="b">D4 M37</subfield>
  </datafield>
  <datafield tag="100" ind1="0" ind2=" ">
   <subfield code="a">Marabut, Gianna Marie L.</subfield>
  </datafield>
  <datafield tag="245" ind1="0" ind2="0">
   <subfield code="a">Assessment of the Therapeutic Communication Skills of Clinicians with Patients in the University of the Philippines Manila College of Dentistry/Gianna Marie L. Marabut.</subfield>
  </datafield>
  <datafield tag="264" ind1=" " ind2="0">
   <subfield code="c">Manila, Department of Community Dentistry, University of the Philippines Manila, c2023.</subfield>
  </datafield>
  <datafield tag="300" ind1=" " ind2=" ">
   <subfield code="a">xi, 99 leaves</subfield>
   <subfield code="c">28 cm.</subfield>
  </datafield>
  <datafield tag="336" ind1=" " ind2=" ">
   <subfield code="a">text</subfield>
   <subfield code="2">rdacontent</subfield>
  </datafield>
  <datafield tag="337" ind1=" " ind2=" ">
   <subfield code="a">unmediated</subfield>
   <subfield code="2">rdamedia</subfield>
  </datafield>
  <datafield tag="338" ind1=" " ind2=" ">
   <subfield code="a">other (Unmediated carriers)</subfield>
   <subfield code="2">rdacarrier</subfield>
  </datafield>
  <datafield tag="500" ind1=" " ind2=" ">
   <subfield code="a">Seminar Paper--Doctor of Dental Medicine--University of the Philippines Manila.</subfield>
  </datafield>
  <datafield tag="520" ind1="0" ind2=" ">
   <subfield code="a">Introduction: Dental curricula is observed to focus more on the technical skills and&#13;
cognitive knowledge of dental students, without great emphasis on communication skills&#13;
which are vital to patient care. The study aimed to assess the communications skills of&#13;
clinicians with patients in the University of the Philippines Manila College of Dentistry&#13;
(UPCD).</subfield>
  </datafield>
  <datafield tag="520" ind1="0" ind2=" ">
   <subfield code="a">Methods: Descriptive cross-sectional study design was used for this research. Matched&#13;
survey questionnaires, Student Communication Assessment Instrument (SCAI) and&#13;
Patient Communication Assessment Instruments (PCAI), were distributed to 1) clinicians&#13;
enrolled in Clinical Conference and Practice for the Second Semester of A.Y. 2018-2019&#13;
and were ≥18 years old and 2) patients who were ≥18 years old and had ≥2 appointments&#13;
with the same clinician. The data gathered were collated, encoded, and presented in&#13;
tabular and graphical forms. Participants remained anonymous, and all methods in this&#13;
study were approved by UP Manila Research Ethics Board.</subfield>
  </datafield>
  <datafield tag="520" ind1="0" ind2=" ">
   <subfield code="a">Results: The results of the clinicians’ self-assessment using Student Communication&#13;
Assessment Instrument (SCAI) show that students mostly rated themselves 4 (“Very&#13;
Good”) or 5 (“Excellent”) in most questions. On the other hand, patients mostly rated their&#13;
clinicians 5 (“Excellent”) in all three assessment points. In terms of the inter-agreement&#13;
of the communication scores, the mode of ratings of patients is equal or higher than the&#13;
self-rating of clinicians.</subfield>
  </datafield>
  <datafield tag="520" ind1="0" ind2=" ">
   <subfield code="a">Conclusion: From the results, it can be concluded that there is no deficiency in the&#13;
communication skills of the clinicians from the perspective of both clinicians themselves&#13;
and their patients.</subfield>
  </datafield>
  <datafield tag="650" ind1="0" ind2="0">
   <subfield code="a">Dental education.</subfield>
  </datafield>
  <datafield tag="650" ind1="0" ind2="0">
   <subfield code="a">Communication.</subfield>
  </datafield>
  <datafield tag="650" ind1="0" ind2="0">
   <subfield code="a">Dentist and patient.</subfield>
  </datafield>
  <datafield tag="650" ind1="0" ind2="0">
   <subfield code="a">Communication in dentistry.</subfield>
  </datafield>
  <datafield tag="700" ind1="0" ind2=" ">
   <subfield code="a">Ermita, Christian M. </subfield>
   <subfield code="e">Research Adviser.</subfield>
  </datafield>
  <datafield tag="905" ind1=" " ind2=" ">
   <subfield code="a">FI</subfield>
  </datafield>
  <datafield tag="852" ind1="0" ind2=" ">
   <subfield code="a">UPMNL</subfield>
   <subfield code="b">DENT</subfield>
   <subfield code="h">LG993.5 2023</subfield>
   <subfield code="i">D4 M37</subfield>
  </datafield>
  <datafield tag="942" ind1=" " ind2=" ">
   <subfield code="a">Thesis</subfield>
  </datafield>
 </record>
</collection>
